| 000 | 00807nam a2200253 a 4500 | ||
|---|---|---|---|
| 001 | 000009136 | ||
| 003 | DO-SdBNP | ||
| 005 | 20240927073746.0 | ||
| 008 | 090928s1995 dr a 001 0 spa d | ||
| 020 | _a8449941741 | ||
| 040 |
_aDO-SdBNP _bspa _cBNPHU |
||
| 082 |
_aRD861.44 _bB171h, 1995 |
||
| 100 | 1 |
_a Balaguer, Joaquín, _d1906-2002 _976556 |
|
| 245 | 1 | 0 |
_aHuerto sellado : _bversos de juventud / _cJoaquín Balaguer ; prólogo Vargas López Méndez. |
| 250 | _a2a ed. | ||
| 260 |
_aSanto Domingo : _bCorripio, _c1995. |
||
| 300 |
_a132 p. : _bil. ; _c30 cm. |
||
| 590 | _aInventariado, 2018/VM | ||
| 650 | 1 | 4 |
_aPoesía dominicana _966 |
| 650 | 1 | 0 |
_aLiteratura dominicana. _967 |
| 700 | 1 |
_aLópez Méndez, Vargas _epról. _923799 |
|
| 910 | _aValidado. Control de calidad BNPHU | ||
| 942 |
_2ddc _cLBS1 |
||
| 999 |
_c8900 _d8900 |
||